| Tag |
First Indicator |
Second Indicator |
Subfields |
| LEADER |
00000cam a22000001 4500 |
| 001 |
in00002172421 |
| 005 |
20151104054436.0 |
| 008 |
731127r19581957nyu 000 1 eng |
| 010 |
|
|
|a 57012035
|
| 035 |
|
|
|a (OCoLC)ocm00748825
|
| 040 |
|
|
|a DLC
|c BHA
|d DLC
|d SER
|d VFY
|d TXA
|d UtOrBLW
|
| 049 |
|
|
|a TXAM
|
| 050 |
0 |
0 |
|a PZ4.L794
|b Pr
|
| 090 |
|
|
|a PS3562.L75
|b P75 1958
|
| 092 |
|
|
|a 823.914
|b L77p
|
| 100 |
1 |
|
|a Lloyd, Roger B.
|q (Roger Bradshaigh),
|d 1901-1966.
|
| 245 |
1 |
4 |
|a The private letters of Luke.
|
| 264 |
|
1 |
|a Great Neck, N.Y. :
|b Channel Press,
|c [1958]
|
| 300 |
|
|
|a 192 pages ;
|c 21 cm.
|
| 336 |
|
|
|a text
|b txt
|2 rdacontent
|
| 337 |
|
|
|a unmediated
|b n
|2 rdamedia
|
| 338 |
|
|
|a volume
|b nc
|2 rdacarrier
|
| 500 |
|
|
|a Imaginary letters between Luke and his friends.
|
| 500 |
|
|
|a "Published in Great Britain in 1957 ... under the title, 'The letters of Luke, the physician.'"
|
| 600 |
0 |
0 |
|a Luke,
|c Saint
|v Fiction.
|
| 650 |
|
0 |
|a Evangelists (Bible)
|v Fiction.
|
| 650 |
|
0 |
|a Christian saints
|v Fiction.
|
| 650 |
|
0 |
|a Physicians
|v Fiction.
|
| 655 |
|
7 |
|a Biographical fiction.
|2 gsafd
|
| 655 |
|
7 |
|a Epistolary fiction.
|2 gsafd
|
| 655 |
|
7 |
|a Christian fiction.
|2 gsafd
|
| 948 |
|
|
|a cataloged
|b h
|c 2006/7/11
|d c
|e jgreene
|f 11:51:48 am
|
| 994 |
|
|
|a C0
|b TXA
|
| 999 |
|
|
|a MARS
|
| 999 |
f |
f |
|s d898c9a4-34c0-3211-8ae8-99a4b59358ea
|i 2edd7a16-2d0a-370d-9260-32c45542f188
|t 0
|
| 952 |
f |
f |
|p ric
|a Texas A&M University
|b Rellis Campus
|c Joint Library Facility
|d Remote Storage
|t 0
|e PS3562.L75 P75 1958
|h Library of Congress classification
|i unmediated -- volume
|m A14834563817
|
| 998 |
f |
f |
|a PS3562.L75 P75 1958
|t 0
|l Remote Storage
|